<?xml version="1.0" encoding="UTF-8"?>
<marc:record xmlns:marc="http://www.loc.gov/MARC21/slim">
   <marc:leader>00000nam a2200000 a 4500</marc:leader>
   <marc:datafield ind1="1" ind2=" " tag="100">
      <marc:subfield code="a">Bohlmann, Sabine</marc:subfield>
      <marc:subfield code="4">aut</marc:subfield>
      <marc:subfield code="e">Verfasser/-in</marc:subfield>
   </marc:datafield>
   <marc:datafield ind1="0" ind2="0" tag="245">
      <marc:subfield code="a">Wummelies wunderbare Welt</marc:subfield>
   </marc:datafield>
   <marc:datafield ind1="0" ind2="0" tag="245">
      <marc:subfield code="c">Sabine Bohlmann. Mit Bildern von Karin Schliehe und Bernhard  Mark</marc:subfield>
   </marc:datafield>
   <marc:datafield ind1=" " ind2="1" tag="264">
      <marc:subfield code="a">Frankfurt, M.</marc:subfield>
      <marc:subfield code="b">Fischer-Taschenbuch-Verl.</marc:subfield>
      <marc:subfield code="c">2012</marc:subfield>
   </marc:datafield>
   <marc:datafield ind1="1" ind2=" " tag="490">
      <marc:subfield code="a">Fischer</marc:subfield>
      <marc:subfield code="v">81053 : Schatzinsel</marc:subfield>
   </marc:datafield>
   <marc:datafield ind1="1" ind2=" " tag="520">
      <marc:subfield code="a">Angaben aus der Verlagsmeldung

Wummelies wunderbare Welt : Freiflug mit Huhn / von Sabine Bohlmann

Mutig, unerschrocken und treu: Wummelie!

Wummelie fährt auf ihrem Hausboot über die Flüsse. Immer mit an Bord: Huhn Hennilotte und Vanille, die einzige Ziege, die lächeln kann. Gemeinsam erleben die drei die tollsten Abenteuer.

In einem Dorf am Ufer des Flusses lernt Wummelie die blinde Marlene kennen. Marlene, die den ganzen Tag in ihrem dunklen Zimmer hocken muss. Denn rausgehen darf sie nicht. Das sieht Wummelie natürlich ganz anders: Kurzerhand nimmt sie Marlene mit sich und beschließt, ihr die Welt zu zeigen! Eine Welt voller Farben und Abenteuer …
</marc:subfield>
   </marc:datafield>
   <marc:datafield ind1=" " ind2=" " tag="020">
      <marc:subfield code="a">9783596810536</marc:subfield>
      <marc:subfield code="9">9783596810536</marc:subfield>
   </marc:datafield>
   <marc:datafield ind1=" " ind2=" " tag="020">
      <marc:subfield code="a">3596810531</marc:subfield>
      <marc:subfield code="9">3596810531</marc:subfield>
   </marc:datafield>
   <marc:datafield ind1=" " ind2=" " tag="041">
      <marc:subfield code="a">ger</marc:subfield>
   </marc:datafield>
   <marc:datafield ind1=" " ind2=" " tag="300">
      <marc:subfield code="a">180 S.</marc:subfield>
   </marc:datafield>
</marc:record>
